Toàn cảnh mặt trăng = Moonscape

में बचाया:
ग्रंथसूची विवरण
मुख्य लेखक: ROSEMARY ELLEN GUILLEY
स्वरूप: पुस्तक
भाषा:Undetermined
प्रकाशित: Hà Nội VHTT 2001
विषय:
टैग : टैग जोड़ें
कोई टैग नहीं, इस रिकॉर्ड को टैग करने वाले पहले व्यक्ति बनें!
Thư viện lưu trữ: Trung tâm Học liệu Trường Đại học Cần Thơ
LEADER 00553nam a2200181Ia 4500
001 CTU_48134
008 210402s9999 xx 000 0 und d
082 |a 398.20973 
082 |b G958 
100 |a ROSEMARY ELLEN GUILLEY 
245 0 |a Toàn cảnh mặt trăng 
245 0 |b = Moonscape 
245 0 |c ROSEMARY ELLEN GUILLEY, Phạm Minh Thảo, Nguyễn Kim Loan 
260 |a Hà Nội 
260 |b VHTT 
260 |c 2001 
650 |a folk literaturre, american ( vietnamese ) 
980 |a Trung tâm Học liệu Trường Đại học Cần Thơ